Central Library OPAC University of Rajshahi

Bosnia and Herzegovina : (Record no. 59682)

MARC details
000 -LEADER
fixed length control field 00976nam a2200265 a 4500
001 - CONTROL NUMBER
control field 59682
003 - CONTROL NUMBER IDENTIFIER
rucl marc code BD-RjUL
005 - DATE AND TIME OF LATEST TRANSACTION
control field 20211209080746.0
008 - FIXED-LENGTH DATA ELEMENTS--GENERAL INFORMATION
fixed length control field 161231s2004 dcua b i000 0 eng
020 ## - INTERNATIONAL STANDARD BOOK NUMBER
International Standard Book Number 0821359789 (pbk.)
035 ## - SYSTEM CONTROL NUMBER
System control number (BD-RjUL)
040 ## - CATALOGING SOURCE
Original cataloging agency DLC
Transcribing agency DLC
Modifying agency DLC
-- BD-RjUL
Language of cataloging eng
041 ## - LANGUAGE CODE
Language code of text/sound track or separate title eng
082 00 - DEWEY DECIMAL CLASSIFICATION NUMBER
Classification number 330.949742
Edition number 23
Author mark and year BOS 2004
245 00 - TITLE STATEMENT
Title Bosnia and Herzegovina :
Remainder of title post-conflict reconstruction and the transition to a market economy : an OED evaluation of World Bank support /
250 ## - EDITION STATEMENT
Edition statement 1st ed.
260 ## - PUBLICATION, DISTRIBUTION, ETC. (IMPRINT)
Place of publication, distribution, etc. Washington, DC :
Name of publisher, distributor, etc. World Bank,
Date of publication, distribution, etc. 2004.
300 ## - PHYSICAL DESCRIPTION
Pagination xx, 84 p. :
Illustrations ill. ;
Size 28 cm.
504 ## - BIBLIOGRAPHY, ETC. NOTE
Bibliography, etc Includes bibliographical references (p. 83-84)
650 #0 - SUBJECT ADDED ENTRY--TOPICAL TERM
Topical term or geographic name as entry element Yugoslav War, 1991-1995
General subdivision Economic aspects
Geographic subdivision Bosnia and Herzegovina.
9 (RLIN) 177613
Topical term or geographic name as entry element Economic assistance
Geographic subdivision Bosnia and Herzegovina.
9 (RLIN) 177614
651 #0 - SUBJECT ADDED ENTRY--GEOGRAPHIC NAME
Geographic name Bosnia and Herzegovina
General subdivision Economic conditions.
9 (RLIN) 177615
700 1# - ADDED ENTRY--PERSONAL NAME
Personal name O'Brien, F. Stephen.
942 ## - ADDED ENTRY ELEMENTS (KOHA)
Source of classification or shelving scheme Dewey Decimal Classification
Koha item type Books
Holdings
Lost status Source of classification or shelving scheme Damaged status Not for loan Collection code Permanent Location Current Location Shelving location Date acquired Source of acquisition Total Checkouts Full call number Date last seen Copy number Koha item type
  Dewey Decimal Classification   Not For Loan Non-fiction Central Library, University of Rajshahi Central Library, University of Rajshahi Reading Room 21/04/2007 Japan Embassy   330.949742 BOS 2004 26/12/2016 C-1 Books